| 000 | 00859nam a2200229Ii 4500 | ||
|---|---|---|---|
| 003 | JO-AjNU | ||
| 008 | 230605s9999||||xx |||||||||||||| ||und|| | ||
| 017 | _a2005/3546 | ||
| 020 | _a977-5673-43-7 | ||
| 040 |
_aJO-AjNU _bara _erda _cJO-AjNU |
||
| 041 | _aara | ||
| 050 | 1 | 4 | _aJS7510.T26.2005 |
| 100 | 3 |
_a الطعامنة ، محمد محمود - عبد الوهاب ، سمير محمد , _eauthor _932867 |
|
| 245 | 0 | 0 | _aالحكم المحلي في الوطن العربي واتجاهات التطوير |
| 250 | _a(د،ط) | ||
| 264 | 3 | 1 | _aالقاهرة : المنظمة العربية للتنمية الادارية ، 2005 |
| 300 | _a428ص | ||
| 336 |
_atext _btxt _2rdacontent |
||
| 337 |
_aunmediated _bn _2rdamedia |
||
| 338 |
_avolume _bnc _2rdacarrier |
||
| 650 | 4 |
_aالإدارة المحلية -- البلاد العربية _932868 |
|
| 999 |
_aA13317 _c16885 _d16885 |
||